[Event "Warsaw YMCA Autumn-B 206th"]
[Site "Warsaw"]
[Date "2018.11.06"]
[Round "6"]
[White "Holubczat, Maciej"]
[Black "Mazurek, Jerzy"]
[Result "1-0"]
[WhiteElo "1680"]
[BlackElo "1691"]
[PlyCount "45"]
[EventDate "2018.09.20"]
[EventType "tourn"]
[EventRounds "11"]
[EventCountry "POL"]
[SourceTitle "EXT 2021"]
[Source "ChessBase"]
[SourceDate "2020.10.23"]
[SourceVersion "1"]
[SourceVersionDate "2020.10.23"]
[SourceQuality "1"]

1. e4 c5 2. Nf3 d6 3. d4 cxd4 4. Nxd4 Nf6 5. Nc3 a6 6. Bg5 e6 7. Be2 Be7 8. 0-0 Qc7 9. Kh1 h6 10. Be3 e5 11. Nb3 Be6 12. f4 exf4 13. Bxf4 Nbd7 14. Nd5 Bxd5 15. exd5 0-0 16. c4 Ne4 17. Nd4 Bf6 18. Rb1 Rfe8 19. Nf5 Bg5 20. Bd3 Bxf4 21. Rxf4 Nec5 22. Qg4 g6 23. Nxh6+ 1-0

[Event "Warsaw YMCA Autumn-B 206th"]
[Site "Warsaw"]
[Date "2018.09.27"]
[Round "2"]
[White "Holubczat, Maciej"]
[Black "Matyszkiewicz, Wiktor"]
[Result "0-1"]
[WhiteElo "1680"]
[BlackElo "1713"]
[PlyCount "50"]
[EventDate "2018.09.20"]
[EventType "tourn"]
[EventRounds "11"]
[EventCountry "POL"]
[SourceTitle "EXT 2021"]
[Source "ChessBase"]
[SourceDate "2020.10.23"]
[SourceVersion "1"]
[SourceVersionDate "2020.10.23"]
[SourceQuality "1"]

1. e4 c5 2. Nf3 d6 3. d4 cxd4 4. Nxd4 Nf6 5. Nc3 Nc6 6. Bg5 e6 7. Qd2 a6 8. 0-0-0 Bd7 9. f4 b5 10. e5 dxe5 11. Nxc6 Bxc6 12. Qxd8+ Rxd8 13. fxe5 Rxd1+ 14. Kxd1 Ng4 15. Bh4 Nxe5 16. Bf2 Ng4 17. Bb6 Bd6 18. h4 Ke7 19. Rh3 Nh2 20. Ke1 Nxf1 21. Kxf1 Rc8 22. a3 Bb7 23. g4 Rc4 24. g5 Rg4 25. Ke2 Bg3 0-1